00308nam a2200097 a 4500008004100000050001500041100001700056245005100073246007700124350000900201120416s9999 xx |||||||||||||| || u aTS 230 Mod aHoward, E. D10aModern foundry practicecedited by E.D. Howard aa practical guide for foundrymen and all interested in the foundry trade a0.00